[Event "Campeonato España Sub 12"]
[Site "Salobreña"]
[Date "2017.07.14"]
[Round "7"]
[White "Zhou, Lulu"]
[Black "Revaliente Montoya, Ciro"]
[Result "0-1"]
[Board "1"]
[WhiteClock "n/a"]
[WhiteElo "1964"]
[WhiteCountry "ESP"]
[WhiteFideId "24540943"]
[WhiteEloChange "-9"]
[BlackClock "n/a"]
[BlackElo "1992"]
[BlackCountry "ESP"]
[BlackFideId "24538442"]
[BlackEloChange "9"]

1. e4 {[%clk 1:30:30]} c5 {[%clk 1:30:30]} 2. Nf3 {[%clk 1:30:30]} Nf6 {[%clk
1:30:30]} 3. Nc3 {[%clk 1:30:30]} d5 {[%clk 1:30:30]} 4. e5 {[%clk 1:30:30]} Nfd7
{[%clk 1:30:30]} 5. Nxd5 {[%clk 1:30:30]} Nxe5 {[%clk 1:30:30]} 6. Nc3 {[%clk
1:30:30]} Nbc6 {[%clk 1:30:30]} 7. Nxe5 {[%clk 1:30:30]} Nxe5 {[%clk 1:30:30]} 8.
d3 {[%clk 1:30:30]} g6 {[%clk 1:30:30]} 9. f4 {[%clk 1:30:30]} Nc6 {[%clk
1:30:30]} 10. g3 {[%clk 1:30:30]} b6 {[%clk 1:30:30]} 11. Bg2 {[%clk 1:30:30]}
Bb7 {[%clk 1:30:30]} 12. b3 {[%clk 1:30:30]} Bg7 {[%clk 1:30:30]} 13. Bb2 {[%clk
1:30:30]} O-O {[%clk 1:30:30]} 14. Qd2 {[%clk 1:30:30]} b5 {[%clk 1:30:30]} 15.
Nd1 {[%clk 1:30:30]} Bxb2 {[%clk 1:30:30]} 16. Nxb2 {[%clk 1:30:30]} Qd7 {[%clk
1:30:30]} 17. O-O-O {[%clk 1:30:30]} a5 {[%clk 1:30:30]} 18. a4 {[%clk 1:30:30]}
Nd4 {[%clk 1:30:30]} 19. Bxb7 {[%clk 1:30:30]} Qxb7 {[%clk 1:30:30]} 20. Qf2
{[%clk 1:30:30]} bxa4 {[%clk 1:30:30]} 21. Nxa4 {[%clk 1:30:30]} Qb4 {[%clk
1:30:30]} 22. h4 {[%clk 1:30:30]} Qa3+ {[%clk 1:30:30]} 23. Kd2 {[%clk 1:30:30]}
Qa2 {[%clk 1:30:30]} 24. Ke1 {[%clk 1:30:30]} Nxc2+ {[%clk 1:30:30]} 25. Kf1
{[%clk 1:30:30]} Qxb3 {[%clk 1:30:30]} 26. Rd2 {[%clk 1:30:30]} Nd4 {[%clk
1:30:30]} 27. Nxc5 {[%clk 1:30:30]} Qb4 {[%clk 1:30:30]} 28. Ne4 {[%clk 1:30:30]}
Nb3 {[%clk 1:30:30]} 29. Rb2 {[%clk 1:30:30]} a4 {[%clk 1:30:30]} 30. Nd2 {[%clk
1:30:30]} Rfc8 {[%clk 1:30:30]} 31. Kg2 {[%clk 1:30:30]} Qb7+ {[%clk 1:30:30]}
32. Kh2 {[%clk 1:30:30]} Qd5 {[%clk 1:30:30]} 33. Nxb3 {[%clk 1:30:30]} axb3
{[%clk 1:30:30]} 34. Rhb1 {[%clk 1:30:30]} Rc3 {[%clk 1:30:30]} 35. Qg2 {[%clk
1:30:30]} Rxd3 {[%clk 1:30:30]} 36. Qxd5 {[%clk 1:30:30]} Rxd5 {[%clk 1:30:30]}
37. Rxb3 {[%clk 1:30:30]} Rd2+ {[%clk 1:30:30]} 38. Kh3 {[%clk 1:30:30]} Raa2
{[%clk 1:30:30]} 39. Kg4 {[%clk 1:30:30]} Rf2 {[%clk 1:30:30]} 40. Re1 {[%clk
1:30:30]} h5+ {[%clk 1:30:30]} 41. Kg5 {[%clk 1:30:30]} Kg7 {[%clk 1:30:30]} 0-1

[Event "Campeonato España Sub 12"]
[Site "Salobreña"]
[Date "2017.07.14"]
[Round "7"]
[White "Fernandez Lopez, Ruben"]
[Black "Villalba Embid, Marcos"]
[Result "1-0"]
[Board "2"]
[WhiteClock "1:30"]
[WhiteElo "1982"]
[WhiteCountry "ESP"]
[WhiteFideId "24518298"]
[WhiteEloChange "7"]
[BlackClock "1:30"]
[BlackElo "1868"]
[BlackCountry "ESP"]
[BlackFideId "24505277"]
[BlackEloChange "-7"]

1. e4 {[%clk 1:30:00]} c5 {[%clk 1:30:00]} 2. Nc3 {[%clk 1:31:00]} d6 {[%clk
1:31:00]} 3. Nge2 {[%clk 1:31:00]} Nf6 {[%clk 1:30:00]} 4. d4 {[%clk 1:32:00]}
cxd4 {[%clk 1:30:00]} 5. Nxd4 {[%clk 1:32:00]} a6 {[%clk 1:30:00]} 6. Bg5 {[%clk
1:32:00]} e6 {[%clk 1:30:00]} 7. f4 {[%clk 1:32:00]} Nbd7 {[%clk 1:31:00]} 8. Qe2
{[%clk 1:32:00]} Qc7 {[%clk 1:30:00]} 9. O-O-O {[%clk 1:32:00]} b5 {[%clk
1:29:00]} 10. a3 {[%clk 1:23:00]} Bb7 {[%clk 1:27:00]} 11. Kb1 {[%clk 1:16:00]}
Be7 {[%clk 1:22:00]} 12. g4 {[%clk 1:11:00]} Rc8 {[%clk 1:10:00]} 13. Bg2 {[%clk
1:09:00]} Nb6 {[%clk 1:04:00]} 14. Rhe1 {[%clk 1:07:00]} Nc4 {[%clk 0:58:00]} 15.
e5 {[%clk 1:03:00]} Nxb2 {[%clk 0:48:00]} 16. Ncxb5 {[%clk 0:29:00]} axb5 {[%clk
0:46:00]} 17. exf6 {[%clk 0:29:00]} gxf6 {[%clk 0:36:00]} 18. Qxb5+ {[%clk
0:23:00]} Kf8 {[%clk 0:32:00]} 19. Bh6+ {[%clk 0:23:00]} Kg8 {[%clk 0:32:00]} 20.
Qxb2 {[%clk 0:23:00]} Bxg2 {[%clk 0:31:00]} 21. g5 {[%clk 0:23:00]} Bf8 {[%clk
0:20:00]} 22. Rg1 {[%clk 0:20:00]} Rb8 {[%clk 0:18:52]} 23. Nb3 {[%clk 0:20:00]}
Be4 {[%clk 0:17:09]} 24. gxf6+ {[%clk 0:20:00]} Bg6 {[%clk 0:17:18]} 25. Bg7
{[%clk 0:19:44]} Qb6 {[%clk 0:15:45]} 26. Bxh8 {[%clk 0:15:41]} Kxh8 {[%clk
0:15:57]} 27. f5 {[%clk 0:11:55]} Bxf5 {[%clk 0:15:04]} 28. Rg3 {[%clk 0:12:17]}
Bh6 {[%clk 0:13:47]} 29. Rd4 {[%clk 0:08:34]} e5 {[%clk 0:10:01]} 30. Rb4 {[%clk
0:08:49]} Qc7 {[%clk 0:09:45]} 31. Rc3 {[%clk 0:08:48]} Qa7 {[%clk 0:09:37]} 32.
Nc1 {[%clk 0:07:55]} Rxb4 {[%clk 0:08:53]} 33. Qxb4 {[%clk 0:07:55]} 1-0

[Event "Campeonato España Sub 12"]
[Site "Salobreña"]
[Date "2017.07.14"]
[Round "7"]
[White "Garrido Outon, Alex"]
[Black "Moll Gener, Joan"]
[Result "1-0"]
[Board "3"]
[WhiteClock "1:30"]
[WhiteElo "2074"]
[WhiteCountry "ESP"]
[WhiteFideId "24516279"]
[WhiteEloChange "2"]
[BlackClock "1:30"]
[BlackElo "1593"]
[BlackCountry "ESP"]
[BlackFideId "24505960"]
[BlackEloChange "-2"]

1. e4 {[%clk 1:30:00]} c5 {[%clk 1:30:00]} 2. Nf3 {[%clk 1:31:00]} d6 {[%clk
1:31:00]} 3. d4 {[%clk 1:31:00]} cxd4 {[%clk 1:31:00]} 4. Nxd4 {[%clk 1:31:00]}
Nf6 {[%clk 1:31:00]} 5. f3 {[%clk 1:30:00]} a6 {[%clk 1:31:00]} 6. c4 {[%clk
1:30:00]} b6 {[%clk 1:32:00]} 7. Nc3 {[%clk 1:30:00]} e6 {[%clk 1:31:00]} 8. Be3
{[%clk 1:29:00]} Bb7 {[%clk 1:31:00]} 9. Be2 {[%clk 1:29:00]} Be7 {[%clk
1:31:00]} 10. O-O {[%clk 1:27:00]} Nbd7 {[%clk 1:30:00]} 11. a3 {[%clk 1:26:00]}
Qc7 {[%clk 1:28:00]} 12. Qd2 {[%clk 1:25:00]} O-O {[%clk 1:28:00]} 13. b4 {[%clk
1:23:00]} Rac8 {[%clk 1:28:00]} 14. Rac1 {[%clk 1:23:00]} Qb8 {[%clk 1:26:00]}
15. Kh1 {[%clk 1:22:00]} Bd8 {[%clk 1:25:00]} 16. Bg1 {[%clk 1:22:00]} Bc7 {[%clk
1:25:00]} 17. Rc2 {[%clk 1:21:00]} Rfe8 {[%clk 1:19:00]} 18. Rb1 {[%clk 1:17:00]}
g6 {[%clk 0:56:00]} 19. Qc1 {[%clk 1:07:00]} d5 {[%clk 0:48:00]} 20. cxd5 {[%clk
1:01:00]} exd5 {[%clk 0:48:00]} 21. Nxd5 {[%clk 0:58:00]} Nxd5 {[%clk 0:48:00]}
22. exd5 {[%clk 0:58:00]} Bf4 {[%clk 0:40:00]} 23. Qd1 {[%clk 0:51:00]} Rxc2
{[%clk 0:36:00]} 24. Qxc2 {[%clk 0:50:00]} Qe5 {[%clk 0:34:00]} 25. b5 {[%clk
0:39:00]} a5 {[%clk 0:32:00]} 26. Bc4 {[%clk 0:33:00]} Bxd5 {[%clk 0:19:38]} 27.
Nc6 {[%clk 0:31:00]} Qe6 {[%clk 0:18:36]} 28. Bxd5 {[%clk 0:29:00]} Qxd5 {[%clk
0:18:56]} 29. Rd1 {[%clk 0:30:00]} Qe6 {[%clk 0:19:13]} 30. Qe4 {[%clk 0:21:00]}
Qxe4 {[%clk 0:15:15]} 31. fxe4 {[%clk 0:21:00]} Rxe4 {[%clk 0:15:39]} 32. Rxd7
{[%clk 0:20:00]} Re1 {[%clk 0:16:02]} 33. Re7 {[%clk 0:20:00]} 1-0

[Event "Campeonato España Sub 12"]
[Site "Salobreña"]
[Date "2017.07.14"]
[Round "7"]
[White "Reyes Penas, Sebastian"]
[Black "Pedchenko, Alex"]
[Result "1-0"]
[Board "4"]
[WhiteClock "1:30"]
[WhiteElo "1940"]
[WhiteCountry "ESP"]
[WhiteFideId "32035780"]
[WhiteEloChange "5"]
[BlackClock "1:30"]
[BlackElo "1734"]
[BlackCountry "ESP"]
[BlackFideId "24522732"]
[BlackEloChange "-5"]

1. e4 {[%clk 1:30:00]} d6 {[%clk 1:30:00]} 2. d4 {[%clk 1:31:00]} g6 {[%clk
1:31:00]} 3. c4 {[%clk 1:31:00]} Bg7 {[%clk 1:31:00]} 4. Nc3 {[%clk 1:31:00]} Nf6
{[%clk 1:31:00]} 5. f3 {[%clk 1:32:00]} a6 {[%clk 1:30:00]} 6. Be3 {[%clk
1:32:00]} Nbd7 {[%clk 1:26:00]} 7. Qd2 {[%clk 1:32:00]} h6 {[%clk 1:25:00]} 8.
Nge2 {[%clk 1:30:00]} c6 {[%clk 1:23:00]} 9. Nc1 {[%clk 1:29:00]} b5 {[%clk
1:21:00]} 10. cxb5 {[%clk 1:28:00]} cxb5 {[%clk 1:20:00]} 11. Nd3 {[%clk
1:28:00]} Ng8 {[%clk 1:18:00]} 12. Rc1 {[%clk 1:26:00]} Bb7 {[%clk 1:12:00]} 13.
Nb4 {[%clk 1:24:00]} Rc8 {[%clk 1:10:00]} 14. Ncd5 {[%clk 1:20:00]} e6 {[%clk
1:03:00]} 15. Rxc8 {[%clk 1:20:00]} Qxc8 {[%clk 1:03:00]} 16. Nc3 {[%clk
1:20:00]} Ne7 {[%clk 1:03:00]} 17. Be2 {[%clk 1:20:00]} f6 {[%clk 0:53:00]} 18.
O-O {[%clk 1:19:00]} Kf7 {[%clk 0:53:00]} 19. Rc1 {[%clk 1:17:00]} Qd8 {[%clk
0:52:00]} 20. d5 {[%clk 1:15:00]} e5 {[%clk 0:38:00]} 21. a4 {[%clk 1:11:00]}
bxa4 {[%clk 0:33:00]} 22. Nc6 {[%clk 1:09:00]} Qa8 {[%clk 0:17:35]} 23. Nxe7
{[%clk 0:59:00]} Kxe7 {[%clk 0:18:00]} 24. Nxa4 {[%clk 1:00:00]} f5 {[%clk
0:16:54]} 25. Rc7 {[%clk 1:00:00]} Qb8 {[%clk 0:15:12]} 26. Qc1 {[%clk 0:59:00]}
Rc8 {[%clk 0:14:52]} 27. Rxc8 {[%clk 0:59:00]} Qxc8 {[%clk 0:15:17]} 28. Bxh6
{[%clk 0:59:00]} Bxh6 {[%clk 0:15:42]} 29. Qxh6 {[%clk 0:59:00]} Qc2 {[%clk
0:16:04]} 30. Nc3 {[%clk 0:59:00]} Qxb2 {[%clk 0:16:10]} 31. Qg5+ {[%clk
0:57:00]} Ke8 {[%clk 0:12:10]} 32. Qxg6+ {[%clk 0:56:00]} Kd8 {[%clk 0:12:32]}
33. Qg5+ {[%clk 0:56:00]} Kc7 {[%clk 0:12:58]} 34. Qe3 {[%clk 0:56:00]} f4 {[%clk
0:13:21]} 35. Nd1 {[%clk 0:56:00]} Qa2 {[%clk 0:08:56]} 36. Qc1+ {[%clk 0:54:00]}
Kd8 {[%clk 0:08:04]} 37. Bc4 {[%clk 0:54:00]} Qa5 {[%clk 0:08:03]} 38. Qc3 {[%clk
0:54:00]} Qb6+ {[%clk 0:07:43]} 39. Kf1 {[%clk 0:54:00]} a5 {[%clk 0:06:12]} 40.
h4 {[%clk 0:54:00]} Ba6 {[%clk 0:06:16]} 41. h5 {[%clk 0:53:00]} Ke7 {[%clk
0:06:20]} 42. Nb2 {[%clk 0:50:00]} Bxc4+ {[%clk 0:05:40]} 43. Nxc4 {[%clk
0:50:00]} Qb1+ {[%clk 0:05:41]} 44. Kf2 {[%clk 0:49:00]} Qh1 {[%clk 0:06:00]} 45.
Qxa5 {[%clk 0:48:00]} Qxh5 {[%clk 0:03:09]} 46. Nb6 {[%clk 0:30:00]} Qh4+ {[%clk
0:02:38]} 47. Ke2 {[%clk 0:29:00]} Qh1 {[%clk 0:02:31]} 48. Nc8+ {[%clk 0:29:00]}
Kf7 {[%clk 0:02:21]} 49. Nxd6+ {[%clk 0:29:00]} Kg6 {[%clk 0:02:41]} 50. Kf2
{[%clk 0:30:00]} Qh4+ {[%clk 0:01:32]} 51. Kg1 {[%clk 0:29:00]} Nf6 {[%clk
0:00:39]} 52. Nf5 {[%clk 0:30:00]} Qh7 {[%clk 0:01:04]} 53. d6 {[%clk 0:28:00]}
Qb7 {[%clk 0:01:26]} 54. Qc7 {[%clk 0:28:00]} Qb1+ {[%clk 0:01:37]} 55. Kh2
{[%clk 0:01:22]} Nh5 {[%clk 0:01:51]} 56. d7 {[%clk 0:02:13]} Ng3 {[%clk
0:01:51]} 57. Qc6+ {[%clk 0:02:13]} Kf7 {[%clk 0:01:51]} 1-0

[Event "Campeonato España Sub 12"]
[Site "Salobreña"]
[Date "2017.07.14"]
[Round "7"]
[White "Perez Guerra, Raul"]
[Black "Castro Quijano, Eduardo"]
[Result "0-1"]
[Board "5"]
[WhiteClock "1:30"]
[WhiteElo "1951"]
[WhiteCountry "ESP"]
[WhiteFideId "32078188"]
[WhiteEloChange "-17"]
[BlackClock "1:30"]
[BlackElo "1650"]
[BlackCountry "ESP"]
[BlackFideId "24507407"]
[BlackEloChange "17"]

1. e4 {[%clk 1:30:00]} c5 {[%clk 1:30:00]} 2. Nc3 {[%clk 1:31:00]} e6 {[%clk
1:31:00]} 3. g3 {[%clk 1:30:00]} a6 {[%clk 1:30:00]} 4. Bg2 {[%clk 1:30:00]} b5
{[%clk 1:30:00]} 5. d3 {[%clk 1:29:00]} Bb7 {[%clk 1:30:00]} 6. Nh3 {[%clk
1:27:00]} Nf6 {[%clk 1:29:00]} 7. O-O {[%clk 1:24:00]} Be7 {[%clk 1:29:00]} 8. e5
{[%clk 1:22:00]} Bxg2 {[%clk 1:29:00]} 9. Kxg2 {[%clk 1:22:00]} Ng8 {[%clk
1:30:00]} 10. f4 {[%clk 1:07:00]} d5 {[%clk 1:28:00]} 11. f5 {[%clk 1:05:00]} b4
{[%clk 1:26:00]} 12. fxe6 {[%clk 1:04:00]} fxe6 {[%clk 1:25:00]} 13. Qg4 {[%clk
1:01:00]} g6 {[%clk 1:20:00]} 14. Ne2 {[%clk 1:02:00]} Qb6 {[%clk 1:20:00]} 15.
Nef4 {[%clk 1:00:00]} Kd7 {[%clk 1:19:00]} 16. Rf3 {[%clk 0:45:00]} Qc6 {[%clk
1:17:00]} 17. Ng5 {[%clk 0:42:00]} Bxg5 {[%clk 1:14:00]} 18. Qxg5 {[%clk
0:43:00]} a5 {[%clk 1:13:00]} 19. a3 {[%clk 0:32:00]} Na6 {[%clk 1:11:00]} 20.
axb4 {[%clk 0:27:00]} Nxb4 {[%clk 1:12:00]} 21. c3 {[%clk 0:27:00]} Nc2 {[%clk
1:12:00]} 22. Ra2 {[%clk 0:27:00]} Ne1+ {[%clk 1:12:00]} 23. Kf2 {[%clk 0:27:00]}
Nxf3 {[%clk 1:12:00]} 24. Kxf3 {[%clk 0:28:00]} Ne7 {[%clk 1:11:00]} 25. Kg2
{[%clk 0:25:00]} Rhf8 {[%clk 1:03:00]} 26. d4 {[%clk 0:17:02]} cxd4 {[%clk
1:03:00]} 27. Ne2 {[%clk 0:17:27]} dxc3 {[%clk 1:03:00]} 28. bxc3 {[%clk
0:16:26]} Qc4 {[%clk 1:02:00]} 29. Ba3 {[%clk 0:15:18]} Rae8 {[%clk 1:02:00]} 30.
Rb2 {[%clk 0:15:07]} Rf7 {[%clk 0:50:00]} 31. Bd6 {[%clk 0:11:26]} Qe4+ {[%clk
0:47:00]} 32. Kg1 {[%clk 0:11:42]} d4 {[%clk 0:43:00]} 33. cxd4 {[%clk 0:09:53]}
Ref8 {[%clk 0:43:00]} 34. Qc1 {[%clk 0:05:15]} Rf1+ {[%clk 0:41:00]} 35. Qxf1
{[%clk 0:05:43]} Rxf1+ {[%clk 0:40:00]} 36. Kxf1 {[%clk 0:06:12]} Nf5 {[%clk
0:40:00]} 37. Bc5 {[%clk 0:03:43]} Ne3+ {[%clk 0:41:00]} 38. Ke1 {[%clk 0:03:58]}
Qh1+ {[%clk 0:41:00]} 0-1

[Event "Campeonato España Sub 12"]
[Site "Salobreña"]
[Date "2017.07.14"]
[Round "7"]
[White "Reguillaga Elias, Manex"]
[Black "Llena Velarde, David"]
[Result "1-0"]
[Board "6"]
[WhiteClock "1:30"]
[WhiteElo "1817"]
[WhiteCountry "ESP"]
[WhiteFideId "24516341"]
[WhiteEloChange "5"]
[BlackClock "1:30"]
[BlackElo "1642"]
[BlackCountry "ESP"]
[BlackFideId "32092024"]
[BlackEloChange "-5"]

1. d4 {[%clk 1:30:00]} d5 {[%clk 1:30:00]} 2. c4 {[%clk 1:31:00]} e6 {[%clk
1:31:00]} 3. Nc3 {[%clk 1:31:00]} Be7 {[%clk 1:31:00]} 4. Nf3 {[%clk 1:29:00]}
Nf6 {[%clk 1:26:00]} 5. Bg5 {[%clk 1:29:00]} O-O {[%clk 1:20:00]} 6. e3 {[%clk
1:29:00]} b6 {[%clk 1:11:00]} 7. cxd5 {[%clk 1:27:00]} exd5 {[%clk 1:10:00]} 8.
Bd3 {[%clk 1:27:00]} h6 {[%clk 1:06:00]} 9. Bh4 {[%clk 1:27:00]} Bb7 {[%clk
1:04:00]} 10. Qc2 {[%clk 1:24:00]} Nbd7 {[%clk 1:03:00]} 11. O-O {[%clk 1:21:00]}
c5 {[%clk 1:01:00]} 12. Rac1 {[%clk 1:18:00]} Re8 {[%clk 0:55:00]} 13. h3 {[%clk
1:17:00]} cxd4 {[%clk 0:47:00]} 14. Nxd4 {[%clk 1:14:00]} Nc5 {[%clk 0:43:00]}
15. Bb5 {[%clk 1:02:00]} Ncd7 {[%clk 0:37:00]} 16. Bc6 {[%clk 0:58:00]} Ba6
{[%clk 0:29:00]} 17. Rfd1 {[%clk 0:57:00]} Rc8 {[%clk 0:29:00]} 18. Bxf6 {[%clk
0:57:00]} Bxf6 {[%clk 0:28:00]} 19. Bxd5 {[%clk 0:57:00]} Ne5 {[%clk 0:25:00]}
20. Nf5 {[%clk 0:55:00]} Qc7 {[%clk 0:24:00]} 21. Nd6 {[%clk 0:55:00]} Qxd6
{[%clk 0:20:00]} 22. Bxf7+ {[%clk 0:50:00]} Nxf7 {[%clk 0:20:00]} 23. Rxd6 {[%clk
0:48:00]} Nxd6 {[%clk 0:18:14]} 24. Qa4 {[%clk 0:46:00]} Bb7 {[%clk 0:18:14]} 25.
Rd1 {[%clk 0:46:00]} Nc4 {[%clk 0:18:14]} 26. Rd7 {[%clk 0:38:00]} Nxb2 {[%clk
0:13:15]} 27. Qb3+ {[%clk 0:37:00]} Kh8 {[%clk 0:13:38]} 28. Rxb7 {[%clk
0:36:00]} Rxc3 {[%clk 0:13:28]} 29. Qxb2 {[%clk 0:33:00]} Rc7 {[%clk 0:13:51]}
30. Qb5 {[%clk 0:33:00]} Rec8 {[%clk 0:12:57]} 31. Rxc7 {[%clk 0:33:00]} Rxc7
{[%clk 0:13:27]} 32. Qe8+ {[%clk 0:32:00]} Kh7 {[%clk 0:13:21]} 33. Qe4+ {[%clk
0:31:00]} Kh8 {[%clk 0:13:36]} 34. f4 {[%clk 0:30:00]} Re7 {[%clk 0:13:37]} 35.
Qd3 {[%clk 0:31:00]} Kg8 {[%clk 0:12:42]} 36. e4 {[%clk 0:31:00]} g5 {[%clk
0:11:25]} 37. e5 {[%clk 0:30:00]} Bg7 {[%clk 0:11:46]} 38. Qd8+ {[%clk 0:31:00]}
Kf7 {[%clk 0:11:37]} 39. Qd5+ {[%clk 0:30:00]} Kf8 {[%clk 0:11:55]} 40. g3 {[%clk
0:30:00]} Ke8 {[%clk 0:11:11]} 41. e6 {[%clk 0:29:00]} Kf8 {[%clk 0:10:23]} 42.
f5 {[%clk 0:29:00]} Bf6 {[%clk 0:10:47]} 43. Qf3 {[%clk 0:29:00]} Bd4+ {[%clk
0:07:47]} 44. Kf1 {[%clk 0:29:00]} Rc7 {[%clk 0:07:47]} 45. Qh5 {[%clk 0:29:00]}
Bg7 {[%clk 0:07:44]} 46. Qg6 {[%clk 0:29:00]} Re7 {[%clk 0:07:22]} 47. f6 {[%clk
0:29:00]} Rxe6 {[%clk 0:07:47]} 48. Qxg7+ {[%clk 0:30:00]} Ke8 {[%clk 0:08:09]}
49. f7+ {[%clk 0:30:00]} Kd7 {[%clk 0:08:32]} 50. f8Q+ {[%clk 0:30:00]} Kc6
{[%clk 0:08:56]} 51. Qc8+ {[%clk 0:31:00]} Kd5 {[%clk 0:09:12]} 52. Qf7 {[%clk
0:31:00]} 1-0

[Event "Campeonato España Sub 12"]
[Site "Salobreña"]
[Date "2017.07.14"]
[Round "7"]
[White "Habans Aguerrea, Javier"]
[Black "Luque Saiz, Andres"]
[Result "0-1"]
[Board "7"]
[WhiteClock "1:30"]
[WhiteElo "1676"]
[WhiteCountry "ESP"]
[WhiteFideId "24524689"]
[WhiteEloChange "-6"]
[BlackClock "1:30"]
[BlackElo "1821"]
[BlackCountry "ESP"]
[BlackFideId "24510793"]
[BlackEloChange "6"]

1. d4 {[%clk 1:30:00]} d5 {[%clk 1:30:00]} 2. Nf3 {[%clk 1:31:00]} Nf6 {[%clk
1:30:00]} 3. e3 {[%clk 1:30:00]} e6 {[%clk 1:28:00]} 4. Bd3 {[%clk 1:30:00]} Bd6
{[%clk 1:27:00]} 5. Nbd2 {[%clk 1:29:00]} Nbd7 {[%clk 1:24:00]} 6. e4 {[%clk
1:27:00]} dxe4 {[%clk 1:23:00]} 7. Nxe4 {[%clk 1:27:00]} Nxe4 {[%clk 1:24:00]} 8.
Bxe4 {[%clk 1:27:00]} Nf6 {[%clk 1:24:00]} 9. Bg5 {[%clk 1:27:00]} h6 {[%clk
1:21:00]} 10. Bxf6 {[%clk 1:27:00]} Qxf6 {[%clk 1:21:00]} 11. c3 {[%clk 1:26:00]}
O-O {[%clk 1:20:00]} 12. O-O {[%clk 1:26:00]} Rd8 {[%clk 1:02:00]} 13. Qc2 {[%clk
1:18:00]} Rb8 {[%clk 1:00:00]} 14. Rfe1 {[%clk 1:15:00]} b6 {[%clk 0:51:00]} 15.
Rad1 {[%clk 1:13:00]} Bb7 {[%clk 0:51:00]} 16. Bxb7 {[%clk 1:13:00]} Rxb7 {[%clk
0:51:00]} 17. Qe4 {[%clk 1:13:00]} Rbb8 {[%clk 0:51:00]} 18. Ne5 {[%clk 1:13:00]}
Bxe5 {[%clk 0:51:00]} 19. Qxe5 {[%clk 1:14:00]} Qxe5 {[%clk 0:52:00]} 20. dxe5
{[%clk 1:10:00]} Kf8 {[%clk 0:50:00]} 21. Kf1 {[%clk 1:08:00]} Ke7 {[%clk
0:51:00]} 22. Ke2 {[%clk 1:09:00]} Rd5 {[%clk 0:48:00]} 23. Rxd5 {[%clk 1:09:00]}
exd5 {[%clk 0:48:00]} 24. Rd1 {[%clk 1:08:00]} Ke6 {[%clk 0:48:00]} 25. f4 {[%clk
1:08:00]} Rd8 {[%clk 0:47:00]} 26. Kf3 {[%clk 1:08:00]} c5 {[%clk 0:46:00]} 27.
g4 {[%clk 1:09:00]} g5 {[%clk 0:45:00]} 28. h3 {[%clk 1:08:00]} d4 {[%clk
0:39:00]} 29. c4 {[%clk 1:06:00]} gxf4 {[%clk 0:36:00]} 30. Kxf4 {[%clk 1:06:00]}
d3 {[%clk 0:35:00]} 31. Ke3 {[%clk 1:04:00]} Kxe5 {[%clk 0:36:00]} 32. Rxd3
{[%clk 1:04:00]} Rxd3+ {[%clk 0:36:00]} 33. Kxd3 {[%clk 1:04:00]} Kf4 {[%clk
0:36:00]} 34. a3 {[%clk 1:03:00]} Kg3 {[%clk 0:36:00]} 35. Ke4 {[%clk 1:02:00]}
Kxh3 {[%clk 0:36:00]} 36. Kf3 {[%clk 1:02:00]} Kh4 {[%clk 0:35:00]} 37. Kf4
{[%clk 1:03:00]} a6 {[%clk 0:35:00]} 38. b4 {[%clk 1:02:00]} a5 {[%clk 0:35:00]}
39. bxa5 {[%clk 1:02:00]} bxa5 {[%clk 0:35:00]} 40. a4 {[%clk 1:03:00]} f6 {[%clk
0:36:00]} 41. Ke4 {[%clk 1:00:00]} Kxg4 {[%clk 0:36:00]} 42. Kd5 {[%clk 1:00:00]}
h5 {[%clk 0:36:00]} 43. Kxc5 {[%clk 1:01:00]} h4 {[%clk 0:37:00]} 44. Kb6 {[%clk
1:00:00]} h3 {[%clk 0:37:00]} 45. c5 {[%clk 0:37:00]} h2 {[%clk 1:00:00]} 46. Kc7
{[%clk 0:38:00]} h1Q {[%clk 1:00:00]} 47. c6 {[%clk 0:37:00]} Kf5 {[%clk
0:37:00]} 48. Kd7 {[%clk 1:01:00]} Qd5+ {[%clk 0:38:00]} 49. Kc7 {[%clk 1:01:00]}
Ke6 {[%clk 0:38:00]} 50. Kb6 {[%clk 1:01:00]} Kd6 {[%clk 0:38:00]} 51. c7 {[%clk
1:01:00]} Qc6+ {[%clk 0:39:00]} 52. Kxa5 {[%clk 1:02:00]} Qxc7+ {[%clk 0:39:00]}
53. Kb5 {[%clk 1:02:00]} Qc5+ {[%clk 0:39:00]} 54. Ka6 {[%clk 1:02:00]} Kc7
{[%clk 0:39:00]} 55. a5 {[%clk 1:02:00]} Qc6+ {[%clk 0:40:00]} 56. Ka7 {[%clk
1:03:00]} Qb7# {[%clk 0:40:00]} 0-1

[Event "Campeonato España Sub 12"]
[Site "Salobreña"]
[Date "2017.07.14"]
[Round "7"]
[White "Travesset Sagre, Jan"]
[Black "Sanmartin Hernandez, Joan"]
[Result "1-0"]
[Board "8"]
[WhiteClock "1:30"]
[WhiteElo "1792"]
[WhiteCountry "ESP"]
[WhiteFideId "24538701"]
[WhiteEloChange "2"]
[BlackClock "1:30"]
[BlackElo "1409"]
[BlackCountry "ESP"]
[BlackFideId "32082177"]
[BlackEloChange "-2"]

1. Nf3 {[%clk 1:30:00]} Nf6 {[%clk 1:30:00]} 2. c4 {[%clk 1:31:00]} g6 {[%clk
1:30:00]} 3. b3 {[%clk 1:31:00]} Bg7 {[%clk 1:30:00]} 4. Bb2 {[%clk 1:32:00]} O-O
{[%clk 1:30:00]} 5. g3 {[%clk 1:32:00]} d6 {[%clk 1:30:00]} 6. d4 {[%clk
1:32:00]} c5 {[%clk 1:31:00]} 7. d5 {[%clk 1:23:00]} b5 {[%clk 1:29:00]} 8. Bg2
{[%clk 1:18:00]} bxc4 {[%clk 1:29:00]} 9. bxc4 {[%clk 1:17:00]} Ba6 {[%clk
1:27:00]} 10. Qc2 {[%clk 1:15:00]} Nbd7 {[%clk 1:25:00]} 11. Nbd2 {[%clk
1:08:00]} Nb6 {[%clk 1:25:00]} 12. O-O {[%clk 1:08:00]} Rb8 {[%clk 1:25:00]} 13.
Rab1 {[%clk 1:04:00]} Qd7 {[%clk 1:24:00]} 14. Ba1 {[%clk 0:52:00]} e6 {[%clk
1:23:00]} 15. Bh3 {[%clk 0:45:00]} Qe7 {[%clk 1:19:00]} 16. e4 {[%clk 0:44:00]}
exd5 {[%clk 1:10:00]} 17. exd5 {[%clk 0:45:00]} Qe8 {[%clk 1:10:00]} 18. Rfe1
{[%clk 0:38:00]} Qa4 {[%clk 1:09:00]} 19. Qxa4 {[%clk 0:37:00]} Nxa4 {[%clk
1:10:00]} 20. Rxb8 {[%clk 0:37:00]} Rxb8 {[%clk 1:10:00]} 21. Re7 {[%clk
0:35:00]} Bxc4 {[%clk 1:07:00]} 22. Nxc4 {[%clk 0:16:58]} Rb1+ {[%clk 1:07:00]}
23. Kg2 {[%clk 0:17:24]} Rxa1 {[%clk 1:07:00]} 24. Nxd6 {[%clk 0:10:22]} Nxd5
{[%clk 1:05:00]} 25. Rxf7 {[%clk 0:07:22]} Rxa2 {[%clk 1:06:00]} 26. Be6 {[%clk
0:06:48]} Ne3+ {[%clk 1:01:00]} 27. Kh3 {[%clk 0:07:13]} Rxf2 {[%clk 1:02:00]}
28. Rxa7+ {[%clk 0:01:10]} Kf8 {[%clk 1:02:00]} 29. Rf7+ {[%clk 0:01:39]} Kg8
{[%clk 1:02:00]} 30. Re7+ {[%clk 0:01:39]} Kh8 {[%clk 1:02:00]} 31. Re8+ {[%clk
0:01:53]} Bf8 {[%clk 1:03:00]} 32. Rxf8+ {[%clk 0:02:14]} Kg7 {[%clk 1:03:00]}
33. Rf7+ {[%clk 0:02:22]} Kh6 {[%clk 1:04:00]} 34. g4 {[%clk 0:01:41]} g5 {[%clk
0:00:46]} 35. Nxg5 {[%clk 1:02:00]} Rxf7 {[%clk 1:03:00]} 36. Ngxf7+ {[%clk
0:01:06]} Kg7 {[%clk 1:03:00]} 37. Nf5+ {[%clk 0:01:16]} Nxf5 {[%clk 1:04:00]}
38. gxf5 {[%clk 0:01:45]} Kf6 {[%clk 1:04:00]} 39. Nd6 {[%clk 0:01:10]} Nc3
{[%clk 1:04:00]} 40. Kg4 {[%clk 0:01:08]} Ne2 {[%clk 1:02:00]} 41. Ne4+ {[%clk
0:01:29]} Ke5 {[%clk 0:01:53]} 42. Nxc5 {[%clk 0:01:29]} Nd4 {[%clk 0:01:53]} 43.
Kg5 {[%clk 0:01:29]} h6+ {[%clk 0:01:53]} 44. Kxh6 {[%clk 0:01:29]} Nxf5+ {[%clk
0:01:53]} 45. Bxf5 {[%clk 0:01:29]} Kxf5 {[%clk 0:01:53]} 46. h4 {[%clk 0:01:29]}
Kf6 {[%clk 0:01:53]} 47. Kh7 {[%clk 0:01:29]} Kf7 {[%clk 0:01:53]} 48. h5 {[%clk
0:01:29]} Kf8 {[%clk 0:01:53]} 49. Ne6+ {[%clk 0:01:29]} Kf7 {[%clk 0:01:53]} 50.
h6 {[%clk 0:01:29]} Kxe6 {[%clk 0:01:53]} 51. Kg7 {[%clk 0:01:29]} 1-0